Rijchariy : (Record no. 22062)

000 -CABECERA
fixed length control field 01797nam a22002417a 4500
003 - IDENTIFICADOR DEL NÚMERO DE CONTROL
control field AR-CdUCM
008 - DATOS DE LONGITUD FIJA--INFORMACIÓN GENERAL
fixed length control field 190429b ||||| |||| 00| 0 spa d
040 ## - FUENTE DE LA CATALOGACIÓN
Agencia/entidad que catalogó originalmente la obra MUNICIPALIDAD PROVINCIAL DEL CUSCO
Entidad que transcribió la catalogación BIBLIOTECA MUNICIPAL DEL CUSCO
082 ## - NÚMERO DE LA CLASIFICACIÓN DECIMAL DEWEY
No. de Clasificación Rijchariy/N°3/1967
245 ## - MENCIÓN DE TÍTULO
Título Rijchariy :
Resto del título revista cultural /
Mención de responsabilidad Cesar Lomellini Carenzi, director
260 ## - PUBLICACIÓN, DISTRIBUCIÓN, ETC.
Lugar de publicación, distribución, etc. Cusco :
Nombre de la editorial, distribuidor, etc. Rijchariy,
Fecha de publicación, distribución, etc. 1967.
300 ## - DESCRIPCIÓN FÍSICA
Nº de Páginas Extensión 48 páginas. :
Otros detalles físicos imágenes ;
Dimensiones 24 cm.
440 ## - MENCIÓN DE SERIE/PUNTO DE ACCESO ADICIONAL--TÍTULO
Título Rijchariy revista cultural.
Número de la parte/sección de una obra N°3, 1967
9 (RLIN) 47325
505 ## - NOTA DE CONTENIDO CON FORMATO
Nota de contenido formateada Contenido: El congreso peruano de lengua quechua. Tarquino Guevara. -- Arte y Ciencia. Pablo Ojeda. -- A propósito del 4to salón de pintura contemporánea cuzqueña. Raúl Brozovich. -- Juan Machicado expone monocopias. -- Documentos creación de la academia de lengua quechua en el Cuzco. -- Frases proyectadas. -- Alcoholismo y miseria. -- Poetas del Perú Luis Nieto nuevo canto libertador a Cuzco. -- Tiempos buenos. Néstor Rivera Mariátegui. -- Dos poetas disimiles. -- Extensión universitaria y su labor en el área rural. -- Conspiración del Alma. -- Cine. Rumiñaui. -- Las afecciones bucodentales en el aborigen del Cuzco. Luis Dávila Negrón. -- Historia de un fracmento de cerámica. Alfredo Valencia. -- Reportaje de bolsillo visión del hombre y del universo en las últimas obras de César Vallejo. -- Justo Bejar. -- Concejo Provincial del Cuzco. Premio municipal de fomento a la cultura cuzqueña en homenaje a las fiestas patrias, bases.
650 ## - PUNTO DE ACCESO ADICIONAL DE MATERIA--TÉRMINO DE MATERIA
Descriptor Poesía cusqueña
9 (RLIN) 2323
650 ## - PUNTO DE ACCESO ADICIONAL DE MATERIA--TÉRMINO DE MATERIA
Descriptor Literatura cusqueña
9 (RLIN) 47323
650 ## - PUNTO DE ACCESO ADICIONAL DE MATERIA--TÉRMINO DE MATERIA
Descriptor Cine cusqueño
9 (RLIN) 46144
700 ## - PUNTO DE ACCESO ADICIONAL--NOMBRE DE PERSONA
Nombre Personal Brozovich, Raúl
9 (RLIN) 47254
700 ## - PUNTO DE ACCESO ADICIONAL--NOMBRE DE PERSONA
Nombre Personal Baush Bedoya, Germán
9 (RLIN) 47324
942 ## - ELEMENTOS DE PUNTO DE ACCESO ADICIONAL (KOHA)
Fuente de clasificación
Tipo de item Revistas cusqueñas
945 ## - PROCESAMIENTO DE INFORMACIÓN LOCAL (OCLC)
Catalogador rac
Holdings
Estado de retiro (separado) Fuente de clasificación o esquema de estanterías Estado dañado Ubicación Sala donde se ubica Nombre de la colección Fecha de adquisición o compra Costo, precio normal en soles Signatura topográfica Código de Barras Última vez visto (Koha) Tipo de ítem (Koha)
No     Sala Hemeroteca Sala Hemeroteca Book Cart 2022-02-28 5.00 Rijchariy/N°3/1967 REVC000645 2022-02-28 Revistas cusqueñas
No     Sala Hemeroteca Sala Hemeroteca Book Cart 2022-02-28 5.00 Rijchariy/N°3/1967/e.2 REVC000646 2022-02-28 Revistas cusqueñas

Powered by Koha